01272cam a22002531 4500001001300000003000400013005001700017008004100034010001700075035002000092040003900112042001200151050002400163100003400187245014400221260002300365300003200388410008500420501037900505504002400884650002700908700003700935740004600972gs 56000098 DLC20260227111403.0861010s1953 at b b 000 0 eng c ags 56000098  a(OCoLC)14374976 aU.S. Geol. Survey Libr.cKWiUdDLC apremarc00aQE340b.A392 no. 141 aWood, Francis Waverly,d1905-12aA provisional isogonic map of Australia and New Guinea, showing predicted values for the epoch 1955-5,cby F. W. Wood and I. B. Everingham. a[Melbourne]c1953. ai, 6 p.bfold. map.c25 cm.10aAustralia.bBureau of Mineral Resources, Geology and Geophysics.tReportvno. 14 aWith : Progress report on the stratigraphy and structure of the Carnarvon Basin, Western Australia - - Seismic reflection survey at Roma, Queensland - - Mount Philp iron deposit, Cloncurry District, Queensland - - Seismic reflection survey. Melbourne : Australia. Bureau of Mineral Resources, Geology and Geophysics, 1954-1956. Bound together subsequent to publication.5DLC a"References": p. 6. 0aMagnetic measurements.1 aEveringham, I. B.ejoint author.0 aIsogonic map of Australia and New Guinea.